Corporate finance : core principles & applications / (Record no. 171134)
[ view plain ]
| 000 -LEADER | |
|---|---|
| fixed length control field | 01077nam a22003017a 4500 |
| 003 - CONTROL NUMBER IDENTIFIER | |
| control field | OSt |
| 005 - DATE AND TIME OF LATEST TRANSACTION | |
| control field | 20250117090647.0 |
| 008 - FIXED-LENGTH DATA ELEMENTS--GENERAL INFORMATION | |
| fixed length control field | 250115b |||||||| |||| 00| 0 eng d |
| 020 ## - INTERNATIONAL STANDARD BOOK NUMBER | |
| International Standard Book Number | 9781266191589 (paperback) |
| 040 ## - CATALOGING SOURCE | |
| Original cataloging agency | NUST |
| Language of cataloging | eng |
| Transcribing agency | NUST |
| Modifying agency | NUST |
| Description conventions | rda |
| 050 ## - LIBRARY OF CONGRESS CALL NUMBER | |
| Classification number | HG4026 ROS |
| 100 ## - MAIN ENTRY--PERSONAL NAME | |
| Personal name | Ross, Stephen A. |
| Relator term | Author |
| 245 ## - TITLE STATEMENT | |
| Title | Corporate finance : core principles & applications / |
| Statement of responsibility, etc. | Stephen A. Ross |
| 250 ## - EDITION STATEMENT | |
| Edition statement | Seventh edition. |
| 260 ## - PUBLICATION, DISTRIBUTION, ETC. | |
| Place of publication, distribution, etc. | New York, NY : |
| Name of publisher, distributor, etc. | McGraw-Hill Education, |
| Date of publication, distribution, etc. | 2024. |
| 300 ## - PHYSICAL DESCRIPTION | |
| Extent | xxxv, 699 pages : |
| Other physical details | Illustrations ; |
| Dimensions | 26 cm. |
| 336 ## - CONTENT TYPE | |
| Source | rdamedia |
| Content type term | text |
| Content type code | txt |
| 337 ## - MEDIA TYPE | |
| Source | rdamedia |
| Media type term | unmediated |
| Media type code | n |
| 338 ## - CARRIER TYPE | |
| Source | rdamedia |
| Carrier type term | volume |
| Carrier type code | nc |
| 440 ## - SERIES STATEMENT/ADDED ENTRY--TITLE | |
| Title | The McGraw-Hill education series in finance, insurance, and real estate. |
| 504 ## - BIBLIOGRAPHY, ETC. NOTE | |
| Bibliography, etc. note | Includes index. |
| 650 ## - SUBJECT ADDED ENTRY--TOPICAL TERM | |
| Form subdivision | Corporations -- Finance. |
| 700 ## - ADDED ENTRY--PERSONAL NAME | |
| Personal name | Westerfield, Randolph W |
| Relator term | Author |
| 700 ## - ADDED ENTRY--PERSONAL NAME | |
| Personal name | Jaffe, Jeffrey F |
| Relator term | Author |
| 700 ## - ADDED ENTRY--PERSONAL NAME | |
| Personal name | Jordan, Bradford D |
| Relator term | Author |
| 700 ## - ADDED ENTRY--PERSONAL NAME | |
| Personal name | Shue, Kelly |
| Relator term | Author |
| 942 ## - ADDED ENTRY ELEMENTS (KOHA) | |
| Source of classification or shelving scheme | Library of Congress Classification |
| Koha item type | Ordinary Loan Books |
| Edition | Seventh edition. |
| Classification part | HG4026 ROS |
| Call number prefix | HG |
| Call number suffix | ROS |
| Suppress in OPAC | No |
| Withdrawn status | Lost status | Source of classification or shelving scheme | Damaged status | Not for loan | Collection | Home library | Current library | Shelving location | Date acquired | Source of acquisition | Cost, normal purchase price | Total Checkouts | Full call number | Barcode | Date last seen | Accession number | Cost, replacement price | Price effective from | Koha item type | Public note |
|---|---|---|---|---|---|---|---|---|---|---|---|---|---|---|---|---|---|---|---|---|
| LCC | NFIC | MAIN | MAIN | GEN | 01/15/2025 | Purchase | 59.77 | HG4026 ROS | 92004056672 | 01/15/2025 | 24/31 | 59.77 | 01/15/2025 | BOOKS | Purchase | |||||
| LCC | NFIC | MAIN | MAIN | GEN | 01/15/2025 | Purchase | 59.77 | HG4026 ROS | 92004056770 | 01/15/2025 | 24/32 | 59.77 | 01/15/2025 | BOOKS | Purchase | |||||
| LCC | NFIC | MAIN | MAIN | GEN | 01/15/2025 | 59.77 | HG4026 ROS | 92004056648 | 01/15/2025 | 24/60 | 59.77 | 01/15/2025 | BOOKS | Purchase | ||||||
| LCC | NFIC | MAIN | MAIN | GEN | 01/15/2025 | Purchase | 59.77 | HG4026 ROS | 92004056865 | 01/15/2025 | 24/59 | 59.77 | 01/15/2025 | BOOKS | Purchase |